|
|
|
|
| LEADER |
00000cam a2200000 a 4500 |
| 001 |
UCD9012 |
| 003 |
CL-VaPUC |
| 008 |
170602e20050000mx |||||||||||||||||spa|d |
| 020 |
|
|
|a 9789706866103
|
| 082 |
0 |
4 |
|a 658.848
|b CZI
|2 21
|
| 100 |
0 |
|
|a Czinkota, Michael R
|e author
|9 592666
|
| 700 |
|
|
|a Ronkainen, Ilkka A
|e autor
|9 592667
|
| 700 |
0 |
|
|a Moffett, Michael H
|e author
|9 592668
|
| 245 |
1 |
0 |
|a Negocios internacionales
|
| 250 |
|
|
|a 7a. ed
|
| 300 |
|
|
|a 779 p
|
| 942 |
|
|
|c BK
|
| 945 |
|
|
|d 20170602 23:29:00
|a dcastane
|
| 260 |
|
|
|a Cuernavaca
|b Thomson
|c 2005
|
| 650 |
|
0 |
|a Marketing
|9 259324
|
| 650 |
|
7 |
|a COMERCIO INTERNACIONAL
|2 CL-VaPUC
|9 592669
|
| 650 |
|
0 |
|a Política económica
|9 255029
|
| 650 |
|
0 |
|a Globalización
|9 361930
|
| 650 |
|
0 |
|a Relaciones Internacionales
|9 255740
|
| 583 |
|
|
|a last modification
|c 20170602 23:29:00
|k Rodrigo Vera
|
| 999 |
|
|
|c 368317
|d 368315
|